Les 50 villes les plus peuplées du Royaume-Uni - Statistiques

Statistiques générales
  • Ce quiz a été pris 167 fois
  • Le résultat moyen est 24 sur 50
Statistiques - réponses
Rang N.Habitants Nation Ville % Correct
1 8 908 081 Angleterre Londres
100%
6 553 230 Angleterre Manchester
95%
8 496 784 Angleterre Liverpool
94%
9 482 005 Écosse Édimbourg
92%
4 626 410 Écosse Glasgow
89%
2 1 148 862 Angleterre Birmingham
88%
12 361 469 Pays de Galles Cardiff
88%
17 280 211 Irlande du Nord Belfast
83%
3 809 036 Angleterre Leeds
83%
24 254 361 Angleterre Southampton
75%
49 134 293 Angleterre Brighton
70%
13 357 394 Angleterre Leicester
70%
5 584 028 Angleterre Sheffield
69%
39 160 021 Angleterre Oxford
67%
14 331 297 Angleterre Nottingham
66%
10 467 099 Angleterre Bristol
64%
25 245 500 Pays de Galles Swansea
62%
19 264 135 Angleterre Plymouth
56%
43 146 995 Angleterre Cambridge
55%
32 207 932 Écosse Aberdeen
54%
35 195 971 Angleterre Norwich
52%
20 262 242 Angleterre Wolverhampton
50%
28 216 023 Angleterre Portsmouth
49%
31 210 235 Angleterre York
49%
41 148 270 Écosse Dundee
47%
36 187 503 Angleterre Bournemouth
46%
42 147 522 Angleterre Ipswich
46%
11 369 461 Angleterre Coventry
43%
29 215 173 Angleterre Northampton
38%
48 139 305 Angleterre Blackpool
37%
22 258 746 Angleterre Derby
36%
18 268 064 Angleterre Newcastle-upon-Tyne
36%
26 218 705 Angleterre Reading
36%
27 218 045 Angleterre Luton
35%
7 536 986 Angleterre Bradford
32%
50 129 307 Angleterre Exeter
30%
45 145 563 Angleterre Gloucester
28%
16 285 372 Angleterre Bolton
25%
23 256 127 Angleterre Stoke-on-Trent
25%
40 153 302 Pays de Galles Newport
22%
47 141 801 Angleterre Preston
22%
38 162 949 Angleterre Huddersfield
19%
21 261 149 Angleterre Kingston-upon-Hull
19%
33 201 799 Angleterre Peterborough
19%
15 288 201 Angleterre Milton Keynes
13%
37 183 453 Angleterre Southend-on-Sea
12%
44 146 386 Angleterre West Bromwich
12%
30 210 829 Angleterre Warrington
6%
46 142 968 Angleterre Birkenhead
4%
34 196 154 Angleterre Gateshead
1%
Aucun quiz correspondant
Distribution des résultats
% des personnes avec chaque résultat
Percentile par nombre de réponses
Votre historique - résultats
Vous n’avez pas pris ce quiz